Language Quiz

Random Language or Latin Quiz

James Bond Films in Latin Quiz Stats

 Plays Quiz Updated Mar 11, 2016

Challenge
Share
Tweet
Score 0/24 Timer 09:00
0 Plays Today
% Correct
Dr. Non
99.4%
Octopussella
98.3%
E Russia cum amore
98.2%
Spectrum
97.9%
Quantum solatii
97.4%
In servitio secreto maiestas
96.7%
Lunanavis
95.9%
AureusOculus
94.5%
Auridigitus
92.8%
Orbis non sufficit
90.9%
Licentia necandi
90.6%
Aleatorium regale
90%
% Correct
Vir cum pistolio aureo
89.9%
Vive et morere
89%
Pro oculis tuis solum
88.4%
Morere alio die
84.3%
Tonitruspila
84.1%
Speculator qui me amabat
83.7%
Cras numquam moritur
75.1%
Viventes luces
74.2%
Adamantes aeterni sunt
72.9%
Tantum bis vivis
68.6%
Prospectus ad necem
62.7%
Caeli casus
61.7%

You're not logged in!

Compare scores with friends on all Sporcle quizzes.
OR
Log In

You Might Also Like...

Show Comments

Extras

Top Quizzes Today


Score Distribution

Your Account Isn't Verified!

In order to create a playlist on Sporcle, you need to verify the email address you used during registration. Go to your Sporcle Settings to finish the process.

Report this User

Report this user for behavior that violates our Community Guidelines.

Details: